George Sand (notice n° 1966115)

détails MARC
000 -LEADER
fixed length control field 01308cam a2200133 4500500
005 - DATE AND TIME OF LATEST TRANSACTION
control field 20260329034843.0
041 ## - LANGUAGE CODE
Language code of text/sound track or separate title fre
042 ## - AUTHENTICATION CODE
Authentication code dc
100 10 - MAIN ENTRY--PERSONAL NAME
Personal name Reid, Martine
Relator term author
245 00 - TITLE STATEMENT
Title George Sand
260 ## - PUBLICATION, DISTRIBUTION, ETC.
Name of publisher, distributor, etc. Gallimard,<br/>
Date of publication, distribution, etc. 2013.<br/>
520 ## - SUMMARY, ETC.
Summary, etc. «Je suis l’enfant de mon siècle&amp;#8239;; j’ai subi ses maux, j’ai partagé ses erreurs, j’ai bu à toutes ses sources de vie et de mort.»Amandine-Aurore-Lucile Dupin (1804-1876), devenue George Sand en 1832, avec la publication d’Indiana, fut, dès l’enfance imprégnée des traditions et des légendes de son Berry natal. Observatrice attentive de son temps, elle fume la pipe, s’habille en homme, affiche ses convictions républicaines, est l’amante enflammée de Musset et de Chopin, en un mot fait scandale. Son œuvre, de Consuelo à La Mare au diable, en passant par La Petite Fadette, culmine dans Histoire de ma vie, et fonde un genre littéraire: l’autobiographie au féminin. Amoureuse éperdue de la vie, George Sand écrit en 1831 à Sainte-Beuve: «Vivre&amp;#8239;! Que c’est bon&amp;#8239;! malgré les chagrins, les maris, l’ennui, les dettes, les parents, les cancans, malgré les poignantes douleurs.»
856 41 - ELECTRONIC LOCATION AND ACCESS
Uniform Resource Identifier <a href="https://shs.cairn.info/george-sand--9782070444014?lang=fr&redirect-ssocas=7080">https://shs.cairn.info/george-sand--9782070444014?lang=fr&redirect-ssocas=7080</a>

Pas d'exemplaire disponible.

PLUDOC

PLUDOC est la plateforme unique et centralisée de gestion des bibliothèques physiques et numériques de Guinée administré par le CEDUST. Elle est la plus grande base de données de ressources documentaires pour les Étudiants, Enseignants chercheurs et Chercheurs de Guinée.

Adresse

627 919 101/664 919 101

25 boulevard du commerce
Kaloum, Conakry, Guinée

Réseaux sociaux

Powered by Netsen Group @ 2025